Determinants of Economic Growth : A Cross-Country Empirical Study /

Obra que reúne tres ensayos sobre el crecimiento económico. El primero de ellos hace un análisis estadístico de las variables que determinan el crecimiento a largo plazo. El segundo, aborda la relación entre crecimiento y libertad política y democracia. Finalmente, el tercero y último de ellos estud...

Полное описание

Сохранить в:
Библиографические подробности
Главный автор: Barro, Robert J. (autor)
Другие авторы: Layard, Richard (prólogo) (prólogo)
Формат:
Язык:английский
Опубликовано: Cambridge, EUA : Massachusetts Institute of Technology, 1998, c1998
Серии:(The Lionel Robbins Lectures)
Предметы:
Метки: Добавить метку
Нет меток, Требуется 1-ая метка записи!

MARC

LEADER 00000nam^a2200000^a^4500
001 000174602
005 20250521000000.0
009 20260310101536.398
020 |a 0-262-52254-3 
037 |a Acervo ITESO - Biblioteca 
041 |a ING 
082 |a 338. 9  |b BAR 
100 |a Barro, Robert J.  |e (autor) 
245 1 0 |a Determinants of Economic Growth :  |b A Cross-Country Empirical Study /  |c R.J. Barro ; pról. de R. Layard. 
264 4 |a Cambridge, EUA :  |b Massachusetts Institute of Technology,  |c 1998, c1998 
300 |a XII, 145 p. 
336 |a texto  |b txt  |2 rdacontenido 
337 |a sin mediación  |b n  |2 rdamedio 
338 |a volumen  |b nc  |2 rdasoporte 
440 5 |a (The Lionel Robbins Lectures) 
520 |a Obra que reúne tres ensayos sobre el crecimiento económico. El primero de ellos hace un análisis estadístico de las variables que determinan el crecimiento a largo plazo. El segundo, aborda la relación entre crecimiento y libertad política y democracia. Finalmente, el tercero y último de ellos estudia la conexión entre inflación y crecimiento. 
649 |a XX 
650 |a Inflación 
650 |a Calidad de Vida 
650 |a Desarrollo Económico-Social -  |x Tema Principal 
650 |a Democracia 
650 |a Derechos Políticos 
650 |a Economía Política 
650 |a Econometría 
650 |a Economía Comparada 
650 |a Economía 
700 |a Layard, Richard  |e (prólogo) 
910 |a Fondo General 
920 |a Impresos - Libros 
930 |a Colección General 
905 |a 101 
901 |a 0500112112  |b IT1  |c ACC  |u 20250521 
902 |a https://opac.biblio.iteso.mx/vufind/Record/000174602